| 000 | 00557nam a2200229Ia 4500 | ||
|---|---|---|---|
| 003 | OSt | ||
| 005 | 20221006151405.0 | ||
| 006 | a|||||r|||| 00| 0 | ||
| 007 | ta | ||
| 008 | 221006b |||||||| |||| 00| 0 eng d | ||
| 020 | _c7.00 | ||
| 024 | _a21,944 | ||
| 037 | _cTextual | ||
| 040 |
_aEASL _cEASL _beng |
||
| 041 |
_2eng _aeng |
||
| 100 | _aGANGULI B N | ||
| 245 | 0 | _aLand reform in New China | |
| 260 |
_aDelhi _bRanjit Printers & Publishers _c1953 |
||
| 300 |
_a74p. _ccm. |
||
| 942 |
_cTEXL _2CC |
||
| 999 |
_c1090030 _d1090030 |
||